000
00291nam a22001217a 4500
008
170504b xxu||||| |||| 00| 0 eng d
041
_a
eng
080
_a
342
100
_a
13
101
_a
SHJ
245
_a
LAW OF EMPLOYEE PENSION AND WEALFARE BEIFITS
_c
FROLIK.L.A
942
_2
udc
_c
BK
999
_c
12617
_d
12617